000 nam a22 7a 4500
999 _c9520
_d9520
008 180201b ||||| |||| 00| 0 eng d
100 _aMalik, S
_95103
245 _aTogether with Exploring Computers -VI
260 _aNew Delhi
_bRachna Sagar Publication
_c2007